000 00703nam a2200265Ia 4500
001 7957
005 20240113234043.0
007 ta
008 050714s1994 a g b000 u eng u
020 _cHB
040 _aCotton College Assam
041 _aeng
082 _a820.09
_bLa 34 Cr
100 _aLatham, Jacqueline E.M .
245 0 _aCritics on Verginia Woolf /
_cJacqueline E.M.Latham.
_hTextual Documents
250 _a1st ed /
260 _aNew Delhi :
_bUniversal Book Stall ,
_c1994.
300 _aix,125p. :
_bill ;
_c21cm. .
504 _aBib
653 _aEnglish-Literary Criticism
942 _2ddc
_cBK
999 _c7944
_d7944